Statistics for Countries Not Invited to Queen Elizabeth’s Funeral

Click here to take the quiz!

General Stats

  • This quiz has been taken 54 times
  • The average score is 6 of 7

Answer Stats

ContinentCountry% Correct
EuropeRussia
100%
AsiaRussia
100%
EuropeBelarus
90%
AsiaAfghanistan
80%
South AmericaVenezuela
77%
AsiaSyria
63%
AsiaMyanmar
47%

Score Distribution

Percentile by Number Answered

Percent of People with Each Score

Your Score History

You have not taken this quiz